Handbook of Argumentation Theory /
Introducción a la teoría de la argumentación. Inicia con la presentación de las raíces históricas de la argumentación que todavía son válidas para sustentar su teoría contemporánea, desde los planteamientos clásicos hasta el presente.
Gorde:
| Beste egile batzuk: | |
|---|---|
| Formatua: | Liburua |
| Hizkuntza: | ingelesa |
| Argitaratua: |
Dordrecht, Holanda :
Springer,
2014, c2014
|
| Saila: | (Springer Reference)
|
| Gaiak: | |
| Sarrera elektronikoa: | Ver documento en línea |
| Etiketak: |
Etiketarik gabe, Izan zaitez lehena erregistro honi etiketa jartzen!
|
MARC
| LEADER | 00000nam^a2200000^a^4500 | ||
|---|---|---|---|
| 001 | 000420594 | ||
| 005 | 20251023000000.0 | ||
| 009 | 20260310122514.33 | ||
| 020 | |a 978-90-481-9473-5 | ||
| 037 | |a Acervo ITESO - Biblioteca | ||
| 041 | |a ING | ||
| 082 | |a 168. |b HAN | ||
| 245 | 0 | 0 | |a Handbook of Argumentation Theory / |c F.H. van Eemeren… [et al.]. |
| 264 | 4 | |a Dordrecht, Holanda : |b Springer, |c 2014, c2014 | |
| 264 | 2 | |a Cham, Suiza : |b Springer Link [distribución], |c 2014 | |
| 300 | |a 1 libro electrónico en línea (XII, 988 p.) | ||
| 300 | |a 1 recurso en línea | ||
| 336 | |a datos para computadora |b cod |2 rdacontenido | ||
| 337 | |a computadora |b c |2 rdamedio | ||
| 338 | |a recurso en línea |b cr |2 rdasoporte | ||
| 440 | 1 | |a (Springer Reference) | |
| 506 | 0 | |a Licencias ilimitadas | |
| 520 | |a Introducción a la teoría de la argumentación. Inicia con la presentación de las raíces históricas de la argumentación que todavía son válidas para sustentar su teoría contemporánea, desde los planteamientos clásicos hasta el presente. | ||
| 649 | |a XX | ||
| 650 | |a Argumentación - |x Teoría - |x Tema Principal | ||
| 650 | |a Debates y el Arte de Discutir | ||
| 650 | |a Razonamiento | ||
| 650 | |a Persuasión | ||
| 650 | |a Negociación y Mediación | ||
| 650 | |a Comunicación - |x Filosofía | ||
| 650 | |a Retórica - |x Tema Principal | ||
| 650 | |a Análisis del Discurso | ||
| 650 | |a Semántica | ||
| 650 | |a Lingüística | ||
| 650 | |a Lógica - |x Tema Principal | ||
| 650 | |a Materialismo Histórico y Dialéctico | ||
| 650 | |a Filosofía del Lenguaje | ||
| 700 | |a Eemeren, Frans H. van |e (autor) | ||
| 856 | 4 | 0 | |u https://link-springer-com.ezproxy.iteso.mx/10.1007/978-90-481-9473-5 |y Ver documento en línea |
| 910 | |a Fondo General | ||
| 920 | |a Electrónicos - Libros en Línea | ||
| 930 | |a Plataforma Digital | ||
| 905 | |a 205 | ||
| 901 | |a 420594-1 |b IT2 |c EBO |i C172346 |u 20250521 | ||
| 902 | |a https://opac.biblio.iteso.mx/vufind/Record/000420594 | ||